[Event "St Chely d'Aubrac op 8th"]
[Site "St Chely d'Aubrac"]
[Date "2008.07.15"]
[Round "4"]
[White "Nusse, Melchior"]
[Black "Caparros, Nina"]
[Result "0-1"]
[WhiteElo "1250"]
[BlackElo "1199"]
[PlyCount "114"]
[EventDate "2008.07.13"]
[EventType "swiss"]
[EventRounds "9"]
[EventCountry "FRA"]
[SourceTitle "CBM 125 Extra"]
[Source "ChessBase"]
[SourceDate "2008.09.01"]
[SourceVersion "1"]
[SourceVersionDate "2008.09.01"]
[SourceQuality "1"]

1. e4 c5 2. Nf3 Nc6 3. Bb5 g6 4. Nc3 a6 5. Bxc6 bxc6 6. d3 Bg7 7. Bd2 Nf6 8. 0-0 0-0 9. Qe1 d6 10. e5 Nd5 11. exd6 Qxd6 12. Ne4 Qb8 13. Nxc5 Qxb2 14. Qb1 Qxa1 15. Qxa1 Bxa1 16. Rxa1 Rb8 17. Nd4 Re8 18. Nxc6 Rb6 19. Na5 Bf5 20. Nab3 Reb8 21. h3 Be6 22. Rb1 Rb5 23. Ne4 Rc8 24. c4 Rb6 25. cxd5 Bxd5 26. Be3 Rb5 27. Bd4 Be6 28. Kh1 Rcb8 29. Ned2 a5 30. Rc1 a4 31. Nc5 Bxa2 32. Nxa4 Rb4 33. Nc3 Rxd4 34. Nxa2 Rb2 35. Rc8+ Kg7 36. Nc1 Rxd2 37. Nb3 Rd1+ 38. Kh2 R4xd3 39. Rc1 Rxc1 40. Nxc1 Rd2 41. f3 e5 42. Nb3 Rb2 43. Nc5 f5 44. Nd3 Re2 45. Kg1 e4 46. fxe4 fxe4 47. Nf4 Ra2 48. Kf1 Kf6 49. g3 Ke5 50. Ke1 e3 51. Nd3+ Ke4 52. Nc1 Rh2 53. h4 Rh1+ 54. Ke2 Rxc1 55. g4 Rc2+ 56. Kf1 Kf3 57. h5 Rc1# 0-1